|
|
|
|
| LEADER |
00000cas a2200000 c 4500 |
| 001 |
129514454 |
| 003 |
DE-627 |
| 005 |
20250704030641.0 |
| 007 |
tu |
| 008 |
931114d19351938fr z| p| 0 |0fre c |
| 016 |
7 |
|
|a 011224096
|2 DE-101
|
| 016 |
7 |
|
|a 210933-5
|2 DE-600
|
| 022 |
|
|
|a 0245-9086
|
| 035 |
|
|
|a (DE-627)129514454
|
| 035 |
|
|
|a (DE-576)014923688
|
| 035 |
|
|
|a (DE-599)ZDB210933-5
|
| 035 |
|
|
|a (OCoLC)231056105
|
| 040 |
|
|
|a DE-627
|b ger
|c DE-627
|e rakwb
|
| 041 |
|
|
|a fre
|
| 044 |
|
|
|c XA-FR
|
| 082 |
0 |
4 |
|a 300
|q DE-600
|
| 084 |
|
|
|a 2,1
|2 ssgn
|
| 084 |
|
|
|a KRIM
|q DE-21
|2 fid
|
| 084 |
|
|
|a 71.00
|2 bkl
|
| 245 |
0 |
0 |
|a Annales sociologiques
|b collection de l'Année sociologique
|n Sér. C, Sociologie juridique et morale
|
| 246 |
1 |
|
|i Ansetzungssachtitel
|a Annales sociologiques / C
|
| 246 |
3 |
3 |
|a Collection de l'Année sociologique
|
| 264 |
3 |
1 |
|a Paris
|c 1935-1938
|
| 336 |
|
|
|a Text
|b txt
|2 rdacontent
|
| 337 |
|
|
|a ohne Hilfsmittel zu benutzen
|b n
|2 rdamedia
|
| 338 |
|
|
|a Band
|b nc
|2 rdacarrier
|
| 362 |
0 |
|
|a 1.1935 - 3.1938
|
| 363 |
0 |
0 |
|a 1
|i 1935
|
| 363 |
1 |
0 |
|i 1938
|a 3
|
| 500 |
|
|
|a Repr.: Nendeln : Kraus
|
| 591 |
|
|
|a S/C
|
| 655 |
|
7 |
|a Zeitschrift
|0 (DE-588)4067488-5
|0 (DE-627)10454466X
|0 (DE-576)20917000X
|2 gnd-content
|
| 787 |
0 |
|
|i Vorg. u. Forts.
|t L' année sociologique
|d Paris : Presses Univ. de France, 1896
|w (DE-627)129060623
|w (DE-600)347-5
|w (DE-576)014391325
|x 0066-2399
|
| 936 |
b |
k |
|a 71.00
|j Soziologie: Allgemeines
|q ARK
|0 (DE-627)106423444
|
| 951 |
|
|
|a JT
|
| ELC |
|
|
|b 1
|
| LOK |
|
|
|0 000 xxxxxcy a22 3n 4500
|
| LOK |
|
|
|0 001 2113052482
|
| LOK |
|
|
|0 003 DE-627
|
| LOK |
|
|
|0 004 129514454
|
| LOK |
|
|
|0 005 20031104000000
|
| LOK |
|
|
|0 008 911119||||||||||||||||ger|||||||
|
| LOK |
|
|
|0 035
|a (DE-600)015799069
|
| LOK |
|
|
|0 040
|a DE-21
|c DE-627
|d DE-21
|
| LOK |
|
|
|0 852
|8 1
|
| LOK |
|
|
|0 852
|a DE-21
|
| LOK |
|
|
|0 852 1
|c KB 2 A 549
|9 00
|
| LOK |
|
|
|0 85900
|8 1.1
|a 1
|i 1935
|
| LOK |
|
|
|0 85910
|8 1.2
|a 3
|i 1938
|
| LOK |
|
|
|0 86630
|a 1.1935 - 3.1938
|
| LOK |
|
|
|0 866 0
|z Repr. 1969
|
| LOK |
|
|
|0 939
|a 19-11-91
|b z01
|
| ORI |
|
|
|a SA-MARC-krimdoka001.raw
|